[Event "ESP-ch U18 Rapid"]
[Site "Salobrena"]
[Date "2022.08.07"]
[Round "8"]
[White "Sainz Allo, Javier"]
[Black "Bernado Lopez, Roger"]
[Result "0-1"]
[WhiteElo "1518"]
[BlackElo "1945"]
[PlyCount "72"]
[EventDate "2022.08.06"]
[EventType "swiss (rapid)"]
[EventRounds "9"]
[EventCountry "ESP"]
[SourceTitle "EXT 2023"]
[Source "ChessBase"]
[SourceDate "2022.10.05"]
[SourceVersion "1"]
[SourceVersionDate "2022.10.05"]
[SourceQuality "1"]

1. Nf3 g6 2. d4 Bg7 3. c4 Nf6 4. g3 0-0 5. Bg2 d6 6. 0-0 Nc6 7. Nc3 Rb8 8. b3 a6 9. Bb2 b5 10. cxb5 axb5 11. Rc1 Bd7 12. Ne1 Na7 13. Nd3 c6 14. Ne4 Nxe4 15. Bxe4 Qb6 16. e3 Bh3 17. Re1 Rfc8 18. Qd2 b4 19. Bh1 Bf5 20. e4 Bd7 21. Rc4 Qa5 22. a3 c5 23. dxc5 Bxb2 24. Nxb2 Qxa3 25. cxd6 exd6 26. Re3 Nb5 27. Rxb4 Be6 28. Ra4 Qc5 29. Nd3 Qb6 30. Nf4 Ra8 31. Nxe6 fxe6 32. Re1 Rxa4 33. bxa4 Nd4 34. a5 Qa7 35. Rc1 Rxc1+ 36. Qxc1 Ne2+ 0-1

[Event "ESP-ch U18 Rapid"]
[Site "Salobrena"]
[Date "2022.08.07"]
[Round "7"]
[White "Vazquez Gomez, Marcos"]
[Black "Sainz Allo, Javier"]
[Result "1/2-1/2"]
[WhiteElo "1623"]
[BlackElo "1518"]
[PlyCount "77"]
[EventDate "2022.08.06"]
[EventType "swiss (rapid)"]
[EventRounds "9"]
[EventCountry "ESP"]
[SourceTitle "EXT 2023"]
[Source "ChessBase"]
[SourceDate "2022.10.05"]
[SourceVersion "1"]
[SourceVersionDate "2022.10.05"]
[SourceQuality "1"]

1. e4 e5 2. Nc3 Nf6 3. f4 Nc6 4. fxe5 Nxe5 5. d4 Nc6 6. e5 Ng8 7. Nf3 d5 8. Be2 Bb4 9. 0-0 Nge7 10. a3 Bxc3 11. bxc3 0-0 12. Bg5 Be6 13. Qe1 Qd7 14. Bd3 Bf5 15. Qg3 Bxd3 16. cxd3 Ng6 17. h4 h5 18. Rae1 Nce7 19. Bxe7 Qxe7 20. e6 Qd6 21. exf7+ Rxf7 22. Ne5 Rxf1+ 23. Rxf1 Nxe5 24. Qxe5 Qxe5 25. dxe5 c5 26. Rf5 g6 27. Rf6 Kg7 28. Rd6 d4 29. cxd4 cxd4 30. Rxd4 Kf7 31. Rc4 Ke6 32. d4 Kd5 33. Rc7 Kxd4 34. e6 Re8 35. e7 b5 36. Rxa7 Kc5 37. Kf2 Kb6 38. Rd7 Kc6 39. Ra7 1/2-1/2

[Event "ESP-ch U18"]
[Site "Salobrena"]
[Date "2021.07.28"]
[Round "4"]
[White "Sainz Allo, Javier"]
[Black "Galvan Cipriani, Viviana"]
[Result "1/2-1/2"]
[WhiteElo "1896"]
[BlackElo "2071"]
[PlyCount "86"]
[EventDate "2021.07.26"]
[EventType "swiss"]
[EventRounds "9"]
[EventCountry "ESP"]
[SourceTitle "CBM 203 Extra"]
[Source "ChessBase"]
[SourceDate "2021.09.30"]
[SourceVersion "1"]
[SourceVersionDate "2021.09.30"]
[SourceQuality "1"]

1. e4 c5 2. Nf3 Nf6 3. Nc3 Nc6 4. d4 d5 5. exd5 Nxd5 6. Bc4 Nxc3 7. bxc3 e6 8. 0-0 Be7 9. Be3 0-0 10. Qd2 Na5 11. Be2 Qc7 12. Bf4 Bd6 13. Bxd6 Qxd6 14. Rfd1 b6 15. Qe3 c4 16. Nd2 Ba6 17. Ne4 Qc7 18. f4 Bb7 19. Nd2 Rad8 20. Bf3 Bd5 21. Re1 Nc6 22. a4 Ne7 23. g3 Qc6 24. Bxd5 Rxd5 25. Nf3 Ng6 26. Qe4 Qd7 27. Reb1 Rc8 28. Rb4 Qc7 29. Nd2 Qe7 30. Rxc4 Rcd8 31. Nf3 h5 32. Kg2 h4 33. Ne5 Qf6 34. Nxg6 fxg6 35. Rc6 R8d6 36. Rxd6 Rxd6 37. Re1 Qf5 38. Qxf5 gxf5 39. Re3 hxg3 40. hxg3 Kf7 41. Kf2 Rc6 42. Ke2 Rc4 43. a5 b5 1/2-1/2

[Event "ESP-chT Regional U16"]
[Site "Gijon"]
[Date "2021.06.19"]
[Round "4.1"]
[White "Jaramago Ledo, Javier"]
[Black "Sainz Allo, Javier"]
[Result "1/2-1/2"]
[WhiteElo "1931"]
[BlackElo "1804"]
[PlyCount "91"]
[EventDate "2021.06.17"]
[EventType "team-swiss"]
[EventRounds "6"]
[EventCountry "ESP"]
[SourceTitle "EXT 2022"]
[Source "ChessBase"]
[SourceDate "2021.10.06"]
[SourceVersion "1"]
[SourceVersionDate "2021.10.06"]
[SourceQuality "1"]
[WhiteTeam "Extremadura U16"]
[BlackTeam "La Rioja U16"]
[WhiteTeamCountry "ESP"]
[BlackTeamCountry "ESP"]

1. e4 e5 2. Nf3 Nc6 3. Bc4 Nf6 4. d3 Bc5 5. c3 d6 6. Bb3 0-0 7. h3 h6 8. 0-0 Bb6 9. Nbd2 Ne7 10. Nc4 Be6 11. Nxb6 Bxb3 12. axb3 axb6 13. Ra3 Qd7 14. Re1 Ng6 15. d4 Qc6 16. Qd3 Rfd8 17. c4 Qe8 18. Be3 Rxa3 19. bxa3 Ra8 20. a4 Nd7 21. dxe5 Ngxe5 22. Nxe5 Qxe5 23. Bd4 Nc5 24. Qc3 Qg5 25. e5 Re8 26. exd6 Rxe1+ 27. Qxe1 cxd6 28. Bxc5 dxc5 29. Qe8+ Kh7 30. Qxf7 Qc1+ 31. Kh2 Qc3 32. Qxb7 Qxb3 33. a5 Qxc4 34. axb6 Qf4+ 35. g3 Qxf2+ 36. Qg2 Qf6 37. Qc2+ Kg8 38. Qxc5 Qf3 39. Qg1 Qc6 40. Qf2 Qb5 41. h4 h5 42. Kg2 Kh8 43. Kh2 Kg8 44. Qa2+ Kh7 45. Qc2+ Kh8 46. Qf2 1/2-1/2

[Event "ESP-chT Regional U16"]
[Site "Gijon"]
[Date "2021.06.19"]
[Round "5.1"]
[White "Sainz Allo, Javier"]
[Black "Vesga Izeta, Markel"]
[Result "1/2-1/2"]
[WhiteElo "1804"]
[BlackElo "1895"]
[PlyCount "67"]
[EventDate "2021.06.17"]
[EventType "team-swiss"]
[EventRounds "6"]
[EventCountry "ESP"]
[SourceTitle "EXT 2022"]
[Source "ChessBase"]
[SourceDate "2021.10.06"]
[SourceVersion "1"]
[SourceVersionDate "2021.10.06"]
[SourceQuality "1"]
[WhiteTeam "La Rioja U16"]
[BlackTeam "Pais Vasco U16"]
[WhiteTeamCountry "ESP"]
[BlackTeamCountry "ESP"]

1. e4 c5 2. Nf3 Nc6 3. d4 cxd4 4. Nxd4 g6 5. c4 Nf6 6. Nc3 d6 7. Be2 Nxd4 8. Qxd4 Bg7 9. Be3 0-0 10. Qd2 a5 11. 0-0 a4 12. Rad1 Qa5 13. Bd4 Be6 14. f4 Rfc8 15. b3 axb3 16. axb3 Qb4 17. f5 Bd7 18. Bxf6 Bxf6 19. Nd5 Qxd2 20. Nxf6+ exf6 21. Rxd2 Bc6 22. fxg6 hxg6 23. Rxd6 Bxe4 24. Rdxf6 Rc7 25. Bf3 Bxf3 26. R1xf3 Ra2 27. Rf2 Ra1+ 28. Rf1 Ra2 29. R6f2 Ra3 30. Rf3 Ra2 31. R1f2 Ra1+ 32. Rf1 Ra2 33. R1f2 Ra1+ 34. Rf1 1/2-1/2

[Event "ESP-chT Regional U14"]
[Site "Padron"]
[Date "2017.06.24"]
[Round "4.2"]
[White "Sainz Allo, Javier"]
[Black "Quintana Toribio, Felix"]
[Result "1/2-1/2"]
[WhiteElo "1369"]
[BlackElo "1529"]
[PlyCount "63"]
[EventDate "2017.06.22"]
[EventType "team"]
[EventRounds "6"]
[EventCountry "ESP"]
[SourceTitle "EXT 2018"]
[Source "ChessBase"]
[SourceDate "2017.10.13"]
[SourceVersion "1"]
[SourceVersionDate "2017.10.13"]
[SourceQuality "1"]
[WhiteTeam "La Rioja (U14)"]
[BlackTeam "Castilla y Leon (U14)"]
[WhiteTeamCountry "ESP"]
[BlackTeamCountry "ESP"]

1. e4 c5 2. Nf3 Nc6 3. d4 cxd4 4. Nxd4 g6 5. Nc3 Bg7 6. Be3 Nf6 7. f3 0-0 8. Qd2 d5 9. exd5 Nxd5 10. Nxd5 Qxd5 11. Nxc6 Qxc6 12. 0-0-0 Be6 13. Kb1 Qa4 14. a3 Rac8 15. Bd3 Rc3 16. Bh6 Bh8 17. Qf4 Qxf4 18. Bxf4 Rcc8 19. Rhe1 Rfd8 20. Bg3 Bf6 21. Bf2 Bd4 22. Bxd4 Rxd4 23. Be4 Rxd1+ 24. Rxd1 Rc7 25. Kc1 Kg7 26. Kd2 Kf6 27. Ke3 Bf5 28. Bxf5 Kxf5 29. c3 e5 30. Rd6 h5 31. Rd8 f6 32. Rd6 1/2-1/2

[Event "ESP-chT Regional U14"]
[Site "Padron"]
[Date "2017.06.22"]
[Round "1.2"]
[White "Sainz Allo, Javier"]
[Black "Wang Qiu, Laura"]
[Result "0-1"]
[WhiteElo "1369"]
[BlackElo "1554"]
[PlyCount "72"]
[EventDate "2017.06.22"]
[EventType "team"]
[EventRounds "6"]
[EventCountry "ESP"]
[SourceTitle "EXT 2018"]
[Source "ChessBase"]
[SourceDate "2017.10.13"]
[SourceVersion "1"]
[SourceVersionDate "2017.10.13"]
[SourceQuality "1"]
[WhiteTeam "La Rioja (U14)"]
[BlackTeam "Andalucia (U14)"]
[WhiteTeamCountry "ESP"]
[BlackTeamCountry "ESP"]

1. e4 d6 2. d4 Nf6 3. Nc3 c6 4. Nf3 g6 5. Be2 Bg7 6. 0-0 0-0 7. h3 Qc7 8. Be3 e5 9. Qd2 Re8 10. dxe5 dxe5 11. Rfd1 b5 12. a3 a5 13. Bc5 Nbd7 14. Bd6 Qb6 15. Bd3 Re6 16. Bf1 Bb7 17. b4 axb4 18. axb4 Rxa1 19. Rxa1 Ne8 20. Bc5 Nxc5 21. bxc5 Qxc5 22. Bd3 Rd6 23. Nd1 Nf6 24. Qe2 Nh5 25. Qe3 Qxe3 26. Nxe3 Nf4 27. Ra7 Rd7 28. Bf1 f6 29. c4 b4 30. c5 Bf8 31. Bc4+ Kg7 32. Ra5 Nd3 33. Bxd3 Rxd3 34. Ra7 Rd7 35. Nd2 Bxc5 36. Nec4 Bxa7 0-1